Click Soviet Countries on the Map - Statistics

General Stats
  • This quiz has been taken 95 times
  • The average score is 14 of 15
Answers on the Map
Answers color-coded by a green-red scale on the quiz's map according to % correct below.
 
Answer Stats
Answer % Correct
Russia
98%
Moldova
95%
Ukraine
95%
Estonia
94%
Belarus
93%
Kazakhstan
93%
Uzbekistan
93%
Armenia
91%
Latvia
91%
Lithuania
91%
Georgia
88%
Azerbaijan
85%
Kyrgyzstan
85%
Tajikistan
85%
Turkmenistan
84%
No matching quizzes found
Score Distribution
Percent of People with Each Score
Percentile by Number Answered
Your Score History
You have not taken this quiz